Don Bosco Technical Institute of Makati
Library and Learning Resource Center
Online Public Access Catalog (OPAC)
Normal view MARC view

Entry Topical Term

Number of records used in: 1

001 - CONTROL NUMBER

  • control field: 14799

003 - CONTROL NUMBER IDENTIFIER

  • control field: OSt

005 - DATE AND TIME OF LATEST TRANSACTION

  • control field: 20191011154714.0

008 - FIXED-LENGTH DATA ELEMENTS

  • fixed length control field: 191011|| aca||aabn | a|a d

040 ## - CATALOGING SOURCE

  • Original cataloging agency: OSt
  • Transcribing agency: OSt

150 ## - HEADING--TOPICAL TERM

  • Topical term or geographic name entry element: Macbeth
  • General subdivision: King of Scotland
  • Chronological subdivision: active 11th century
  • Form subdivision: Comic books, strips, etc.

670 ## - SOURCE DATA FOUND

  • Source citation: Work cat.: (OSt)25960: Chan, Crystal S. 14797, Manga Classics: Macbeth /, 2018.

Copyright 2017, Don Bosco Technical Institute of Makati, Inc. All Rights Reserved.
In partnership with: Nephila Web Technology, Inc.